Hipaa Compliance Handbook, 2010 Edition : (Record no. 619847)

MARC details
000 -LEADER
fixed length control field 00471nam a2200181 a 4500
008 - FIXED-LENGTH DATA ELEMENTS--GENERAL INFORMATION
fixed length control field 260424s2009##################000#0#eng##
020 ## - INTERNATIONAL STANDARD BOOK NUMBER
ISBN 9780735582224
082 04 - DEWEY DECIMAL CLASSIFICATION NUMBER
Classification number 344.73041CAR
100 1# - MAIN ENTRY--AUTHOR NAME
Personal name Carter,
245 10 - TITLE STATEMENT
Title Hipaa Compliance Handbook, 2010 Edition :
260 ## - PUBLICATION, DISTRIBUTION, ETC. (IMPRINT)
Name of publisher Aspen Publishers,
Year of publication 2009.
650 #0 - SUBJECT ADDED ENTRY--TOPICAL TERM
Topical Term Law.
942 ## - ADDED ENTRY ELEMENTS (KOHA)
Koha item type English Books
Holdings
Withdrawn status Lost status Damaged status Not for loan Home library Current library Date acquired Full call number Accession Number Price effective from Koha item type
        Anna Centenary Library Anna Centenary Library 24.04.2026 344.73041CAR 137413 24.04.2026 English Books

Find us on the map